000
00287nam a22001337a 4500
008
181030b xxu||||| |||| 00| 0 eng d
020
_a
0812109716
041
_a
eng
080
_a
616.5
100
_a
7
101
_a
DER
245
_a
Contact Dermatitis
_c
Fisher, A.A
942
_2
udc
_c
BK
999
_c
51176
_d
51176